[Event "Marienbad IM-II 2022"]
[Site "Marianske Lazne"]
[Date "2022.01.21"]
[Round "8.19"]
[White "Bomans, Arno"]
[Black "Ochedzan, Tymon"]
[Result "0-1"]
[WhiteElo "2246"]
[BlackElo "2350"]
[Annotator "TA"]
[PlyCount "86"]
[EventDate "2022.01.15"]
[EventType "tourn"]
[EventCountry "CZE"]
[SourceTitle "playchess.com"]
[Source "ChessBase"]
[SourceQuality "1"]

{[%evp 9,86,12,19,25,25,27,12,14,8,18,20,16,25,-35,-53,-45,-49,-68,-79,-127,-78,-104,-116,-124,-70,-207,-204,-199,-213,-283,-254,-319,-320,-314,-260,-279,-266,-306,-235,-490,-267,-231,-236,-233,-216,-218,-213,-201,-156,-279,-210,-310,-340,-294,-299,-512,-450,-452,-445,-581,-579,-1197,-1177,-1456,-1338,-1443,-1340,-1289,-1695,-1331,-1670,-1536,-1461,-1860,-1741,-29984,-29985,-29986,-29987]} 1. d4 Nf6 2. Bg5 c5 3. Nc3 cxd4 4. Qxd4 Nc6 5. Qh4 e6 6. e4 {A45: Trompowsky Attack.} Be7 7. f4 Qb6 8. O-O-O {The position is equal.} Qe3+ 9. Kb1 Nxe4 10. Nxe4 Qxe4 11. Bxe7 (11. Nf3 $11) 11... Nxe7 $15 12. Bd3 {[#]} Ng6 $1 $40 {[%mdl 128] [#] ...Qxd3 is the strong threat. Black has some attack.} 13. Qh3 $146 (13. Bxe4 Nxh4) ({Predecessor:} 13. Qh5 Nxf4 14. Qxf7+ Kxf7 15. Bxe4 Ke7 16. c4 Nh5 17. Ne2 Nf6 18. Bf3 Rb8 19. Nd4 {0-1 (40) Pajeken,W (2290)-Rogozenco,D (2495) Hamburg 1998}) 13... Qxf4 14. Ne2 (14. Bxg6 $142 fxg6 15. Qa3) 14... Qe5 ({Black should try} 14... Qh4 $1 {Threatens to win with ...Qxh3.} 15. Qe3 O-O) 15. Rhe1 {[#]} O-O $1 16. Nc3 Qa5 ({Better is} 16... Qf4 $17 17. Rf1 Qg5 18. Bxg6 Qxg6) 17. Re4 {This move loses the game for White.} (17. Ne4 $15) 17... d5 $19 18. Qh5 {[%cal Oe4h4]} f5 19. Ra4 Qc5 20. g4 Bd7 21. gxf5 exf5 22. Ra3 Rae8 23. Ne2 Re5 24. Rc3 $2 (24. Qf3) 24... Qe7 (24... Qf2 $142 25. Qh3 Rxe2 26. Bxe2 Qxe2) 25. Qf3 Bc6 {[%cal Od5d4]} 26. Nd4 Qf6 ({Weaker is} 26... Re3 27. Qf2 Qe5 28. Nxc6 bxc6 29. Rxc6 $17) 27. a3 f4 28. Qf2 Kh8 29. Rg1 (29. Rf1 $17) 29... Ne7 30. Nf3 (30. Rf1 {was called for.}) 30... Re3 31. Ng5 {[#]} g6 $1 ({Inferior is} 31... h6 32. Nh7 Qf7 33. Nxf8 Qxf8 34. Rg4 $11) 32. h4 $2 (32. Qh4 h5 33. a4) 32... d4 33. Rc5 {[%cal Oh4h5]} h6 34. Qh2 {[%cal Oh4h5]} f3 {[%cal Bf4f3,Bf3f2][%mdl 32]} 35. Nh7 Kxh7 36. h5 f2 37. hxg6+ Kg7 {Hoping for ...Re1+.} 38. Rf1 Re1+ 39. Ka2 Rxf1 40. Bxf1 Nd5 {And now ...Qe6 would win.} 41. b3 Qe7 42. Rc4 Ne3 43. Rc5 Nxf1 {Weighted Error Value: White=0.63/Black=0.22 (precise)} 0-1

[Event "Marienbad IM-II 2022"]
[Site "Marianske Lazne"]
[Date "2022.01.22"]
[Round "9.16"]
[White "Meszaros, Andras"]
[Black "Hari Charan Sai Kalluri"]
[Result "1-0"]
[WhiteElo "2205"]
[BlackElo "2160"]
[Annotator "ChessBase"]
[PlyCount "223"]
[EventDate "2022.01.15"]
[EventType "tourn"]
[EventCountry "CZE"]
[SourceTitle "playchess.com"]
[Source "ChessBase"]
[SourceQuality "1"]
[TimeControl "40/5400+30:1800+30"]

1. e4 {[%emt 0:00:00]} c5 {[%emt 0:03:52]} 2. Nf3 {[%emt 0:00:01]} d6 {[%emt 0:00:09]} 3. d4 {[%emt 0:00:30]} cxd4 {[%emt 0:00:06]} 4. Nxd4 {[%emt 0:00:05]} Nf6 {[%emt 0:00:04]} 5. Nc3 {[%emt 0:00:07]} a6 {[%emt 0:00:03]} 6. Bc4 {[%emt 0:00:22]} e6 {[%emt 0:00:03]} 7. Bb3 {[%emt 0:00:10]} b5 {[%emt 0:00:05]} 8. Bg5 {[%emt 0:00:23]} Be7 {[%emt 0:00:27]} 9. Qf3 {[%emt 0:00:14]} Qc7 {[%emt 0:04:59]} 10. O-O-O {[%emt 0:00:19]} O-O {[%emt 0:01:52]} 11. e5 {[%emt 0:00:29]} Bb7 {[%emt 0:01:29]} 12. exf6 {[%emt 0:00:20]} Bxf3 {[%emt 0:04:34]} 13. fxe7 {[%emt 0:00:13]} Re8 {[%emt 0:01:58]} 14. gxf3 {[%emt 0:00:10]} d5 {[%emt 0:13:35]} 15. Rhg1 {[%emt 0:01:07]} Rxe7 {[%emt 0:45:14]} 16. Bxe7 {[%emt 0:06:32]} Qxe7 {[%emt 0:00:50]} 17. Nxd5 {[%emt 0:15:40]} Qh4 {[%emt 0:02:48]} 18. Rg4 {[%emt 0:01:15]} Qxh2 {[%emt 0:05:20]} 19. Nb6 {[%emt 0:13:22]} h5 {[%emt 0:03:58]} 20. Re4 {[%emt 0:05:49]} Ra7 {[%emt 0:00:09]} 21. a4 {[%emt 0:01:30]} e5 {[%emt 0:03:31]} 22. Nf5 {[%emt 0:02:12]} Qxf2 {[%emt 0:01:34]} 23. Rd8+ {[%emt 0:04:42]} Kh7 {[%emt 0:00:02]} 24. Rxb8 {[%emt 0:00:09]} Qf1+ {[%emt 0:01:22]} 25. Kd2 {[%emt 0:00:09]} Qxf3 {[%emt 0:00:09]} 26. Nd6 {[%emt 0:00:12]} f5 {[%emt 0:02:28]} 27. Bd5 {[%emt 0:03:58]} Qf2+ {[%emt 0:00:29]} 28. Re2 {[%emt 0:02:50]} Qd4+ {[%emt 0:00:36]} 29. Kc1 {[%emt 0:00:10]} Qf4+ {[%emt 0:01:16]} 30. Rd2 {[%emt 0:00:32]} e4 {[%emt 0:01:10]} 31. Bg8+ {[%emt 0:00:46]} Kh6 {[%emt 0:00:53]} 32. Nd5 {[%emt 0:00:35]} Qf3 {[%emt 0:00:48]} 33. Be6 {[%emt 0:01:41]} g6 {[%emt 0:00:34]} 34. Rh8+ {[%emt 0:00:46]} Kg5 {[%emt 0:00:30]} 35. Rd1 {[%emt 0:02:18]} e3 {[%emt 0:00:28]} 36. Rg1+ {[%emt 0:23:48]} Kh4 {[%emt 0:00:01]} 37. Re1 {[%emt 0:00:42]} e2 {[%emt 0:00:58]} 38. Kd2 {[%emt 0:00:45]} Rd7 {[%emt 0:00:32]} 39. Nxf5+ {[%emt 0:03:36]} gxf5 {[%emt 0:00:06]} 40. Bxd7 {[%emt 0:01:05]} Qxd5+ {[%emt 0:00:14]} 41. Kc1 {[%emt 0:30:22]} Qxd7 {[%emt 0:30:52]} 42. Rxe2 {[%emt 0:02:10]} Qf7 {[%emt 0:00:31]} 43. axb5 {[%emt 0:00:46]} axb5 {[%emt 0:00:04]} 44. Rg2 {[%emt 0:01:53]} Kh3 {[%emt 0:00:00]} 45. Rg1 {[%emt 0:00:00]} Kh4 {[%emt 0:00:00]} 46. Rhg8 {[%emt 0:00:00]} Qd5 {[%emt 0:00:00]} 47. R8g2 {[%emt 0:00:00]} Kh3 {[%emt 0:00:00]} 48. Rg5 {[%emt 0:00:00]} h4 {[%emt 0:00:00]} 49. Rf1 {[%emt 0:00:00]} Qe4 {[%emt 0:00:00]} 50. Rgxf5 {[%emt 0:00:00]} Kg2 {[%emt 0:00:00]} 51. R5f2+ {[%emt 0:00:00]} Kg3 {[%emt 0:00:00]} 52. Rd2 {[%emt 0:00:00]} Qe3 {[%emt 0:00:00]} 53. Kd1 {[%emt 0:00:00]} Qe5 {[%emt 0:00:00]} 54. Rg1+ {[%emt 0:00:00]} Kf3 {[%emt 0:00:00]} 55. c3 {[%emt 0:00:00]} Qe4 {[%emt 0:00:00]} 56. Kc1 {[%emt 0:00:00]} b4 {[%emt 0:00:00]} 57. cxb4 {[%emt 0:00:00]} Qxb4 {[%emt 0:00:00]} 58. Rh1 {[%emt 0:00:00]} Qc4+ {[%emt 0:00:00]} 59. Rc2 {[%emt 0:00:00]} Qa4 {[%emt 0:00:00]} 60. Rh3+ {[%emt 0:00:00]} Kg4 {[%emt 0:00:06]} 61. Rcc3 {[%emt 0:00:00]} Qa1+ {[%emt 0:02:01]} 62. Kc2 {[%emt 0:00:00]} Qa4+ {[%emt 0:00:02]} 63. Kd2 {[%emt 0:00:00]} Qd4+ {[%emt 0:00:22]} 64. Rhd3 {[%emt 0:00:00]} Qf2+ {[%emt 0:00:06]} 65. Kc1 {[%emt 0:00:00]} Qf1+ {[%emt 0:00:12]} 66. Kc2 {[%emt 0:00:00]} Qf2+ {[%emt 0:00:23]} 67. Kb1 {[%emt 0:00:00]} Qf1+ {[%emt 0:01:08]} 68. Ka2 {[%emt 0:00:00]} Qf7+ {[%emt 0:00:06]} 69. b3 {[%emt 0:00:00]} Qa7+ {[%emt 0:00:01]} 70. Kb1 {[%emt 0:00:00]} Qg1+ {[%emt 0:03:51]} 71. Rc1 {[%emt 0:00:00]} Qg2 {[%emt 0:01:49]} 72. Rc4+ {[%emt 0:00:00]} Kf5 {[%emt 0:00:09]} 73. Rcc3 {[%emt 0:00:00]} Qf1+ {[%emt 0:00:57]} 74. Kb2 {[%emt 0:00:00]} Qg2+ {[%emt 0:00:22]} 75. Rc2 {[%emt 0:00:00]} Qg7+ {[%emt 0:00:01]} 76. Kb1 {[%emt 0:00:00]} Qg1+ {[%emt 0:00:10]} 77. Rc1 {[%emt 0:00:00]} Qg2 {[%emt 0:00:12]} 78. Rc5+ {[%emt 0:00:00]} Ke4 {[%emt 0:00:48]} 79. Rcc3 {[%emt 0:00:00]} Qf1+ {[%emt 0:00:48]} 80. Kc2 {[%emt 0:00:00]} Qf2+ {[%emt 0:01:15]} 81. Rd2 {[%emt 0:00:00]} Qf5 {[%emt 0:01:44]} 82. Rh2 {[%emt 0:00:00]} Kf4+ {[%emt 0:02:18]} 83. Kc1 {[%emt 0:00:00]} Qg5 {[%emt 0:00:26]} 84. Kb2 {[%emt 0:00:00]} Qe7 {[%emt 0:00:58]} 85. Rc4+ {[%emt 0:00:00]} Kg3 {[%emt 0:00:02]} 86. Rhxh4 {[%emt 0:00:00]} Qe2+ {[%emt 0:00:11]} 87. Ka3 {[%emt 0:00:00]} Qe7+ {[%emt 0:00:45]} 88. b4 {[%emt 0:00:00]} Qe3+ {[%emt 0:00:42]} 89. Ka4 {[%emt 0:00:00]} Qa7+ {[%emt 0:00:01]} 90. Kb3 {[%emt 0:00:00]} Qb6 {[%emt 0:01:17]} 91. Rhd4 {[%emt 0:00:00]} Kf3 {[%emt 0:00:15]} 92. Rd3+ {[%emt 0:00:00]} Ke2 {[%emt 0:00:11]} 93. Rd5 {[%emt 0:00:00]} Qb7 {[%emt 0:01:06]} 94. Rdc5 {[%emt 0:00:00]} Qh7 {[%emt 0:00:39]} 95. Rc2+ {[%emt 0:00:00]} Kd3 {[%emt 0:00:10]} 96. b5 {[%emt 0:00:00]} Qb7 {[%emt 0:00:48]} 97. Kb4 {[%emt 0:00:00]} Qe4+ {[%emt 0:00:25]} 98. R2c4 {[%emt 0:00:00]} Qb7 {[%emt 0:00:13]} 99. Rc7 {[%emt 0:00:00]} Qb6 {[%emt 0:00:27]} 100. R7c6 {[%emt 0:00:00]} Qb8 {[%emt 0:00:12]} 101. b6 {[%emt 0:00:00]} Ke3 {[%emt 0:00:35]} 102. Kb5 {[%emt 0:00:00]} Kf3 {[%emt 0:00:29]} 103. R4c5 {[%emt 0:00:00]} Kf2 {[%emt 0:00:28]} 104. Rc8 {[%emt 0:00:09]} Qd6 {[%emt 0:00:15]} 105. Ka6 {[%emt 0:01:51]} Qd3+ {[%emt 0:00:06]} 106. Rb5 {[%emt 0:00:36]} Qa3+ {[%emt 0:00:11]} 107. Ra5 {[%emt 0:01:21]} Qd3+ {[%emt 0:00:09]} 108. Ka7 {[%emt 0:00:06]} Qd4 {[%emt 0:00:12]} 109. Rc7 {[%emt 0:00:20]} Qe3 {[%emt 0:00:20]} 110. Rf5+ {[%emt 0:00:54]} Ke2 {[%emt 0:00:07]} 111. Rfc5 {[%emt 0:00:23]} Qa3+ {[%emt 0:00:18]} 112. Kb8 {[%emt 0:00:07]} 1-0

[Event "Marienbad IM-II 2022"]
[Site "Marianske Lazne"]
[Date "2022.01.22"]
[Round "9.17"]
[White "Ochedzan, Tymon"]
[Black "Acor, Corey"]
[Result "0-1"]
[WhiteElo "2350"]
[BlackElo "2303"]
[Annotator "TA"]
[PlyCount "120"]
[EventDate "2022.01.15"]
[EventType "tourn"]
[EventCountry "CZE"]
[SourceTitle "playchess.com"]
[Source "ChessBase"]
[SourceQuality "1"]

{[%evp 20,120,13,10,16,12,13,30,27,14,49,-20,-40,-50,-40,-54,-55,-57,-51,-466,-468,-606,-601,-621,-612,-637,-637,-637,-625,-637,-636,-718,-713,-725,-699,-785,-765,-718,-489,-501,-220,-216,-239,-236,-233,-351,-333,-441,-441,-441,-441,-604,-550,-635,-613,-1981,-1754,-1349,-1271,-1128,-806,-780,-590,-563,-542,-510,-504,-511,-492,-686,-729,-746,-697,-724,-556,-721,-743,-721,-720,-675,0,-9873,-6095,-29970,-29971,-29968,-29960,-29974,-29976,-29976,-29977,-29978,-29979,-29979,-29980,-29979,-29980,-29983,-5106,-29984,-29985,-29985,-29986]} 1. e4 e5 2. Nf3 Nc6 3. Bb5 a6 4. Ba4 Nf6 5. O-O Nxe4 6. Re1 Nc5 7. Bxc6 dxc6 8. Nxe5 Be7 9. d4 Ne6 10. Be3 O-O 11. c4 f6 {C80: Open Ruy Lopez: Sidelines and 9 Nbd2.} 12. Nf3 f5 13. Bd2 Bf6 {White has an edge.} 14. Bc3 $1 {[#]} Rb8 $146 ({Predecessor:} 14... Ng5 15. Nxg5 Bxg5 16. Nd2 Re8 17. Rxe8+ Qxe8 18. Nf3 Bf6 19. Qb3 b5 20. d5 Bxc3 21. Qxc3 {1-0 (42) Ochedzan,T (2349)-Kusa,J (2326) Brno 2021}) 15. Qd3 {[#]} (15. a3 $14) 15... Nxd4 $1 $11 16. Nxd4 (16. Bxd4 c5) 16... c5 17. Rd1 cxd4 18. Bxd4 Re8 $1 19. Nc3 $2 {[%mdl 8192]} ({Better is} 19. Bc3 $15) 19... Bxd4 $19 20. Qxd4 {[#]} Re1+ $1 {[%mdl 512]} 21. Rxe1 Qxd4 22. Rad1 Qxc4 23. Rd8+ Kf7 24. h3 Qc5 25. Re3 b5 26. Ne2 Ra8 27. Nf4 Qc1+ 28. Kh2 Qc6 29. Nd3 {And now Ne5+ would win.} Qxg2+ 30. Kxg2 Bb7+ {[%mdl 64] Discovered Attack} 31. Kg3 Rxd8 {[%mdl 4096] Endgame KRB-KRN} 32. b4 (32. h4 {might work better.}) 32... Rd4 33. a3 g5 34. f4 h6 {[%cal Bh7h6,Bh6g5,Bg5f4][%mdl 32] Strongly threatening ...Kf6.} 35. h4 Kf6 {Hoping for ...Bd5.} 36. hxg5+ hxg5 37. Kf2 gxf4 38. Rh3 f3 39. Ne1 Rd2+ 40. Kf1 f2 {( -> ...Bd5)} 41. Nd3 Ra2 42. Nxf2 f4 43. Rc3 Bd5 {Threatens to win with ...c6.} 44. Ke1 Bc4 45. Ne4+ Ke5 46. Nd2 Bd5 {aiming for ...Kd4.} 47. Rd3 c6 48. Rh3 Kf5 49. Rd3 Ke5 $2 (49... Ra1+ $19 50. Ke2 Kg4) 50. Kd1 $2 {[%mdl 8192]} (50. Rh3 $11 Kd4 51. Nb3+ Ke4 52. Nd2+ Kf5 53. Rd3) 50... Ra1+ 51. Ke2 Bc4 52. Nxc4+ bxc4 {KR-KR} 53. Rc3 Kd4 54. Rf3 Ra2+ 55. Ke1 c3 56. Kd1 Kc4 57. Rxf4+ Kb3 58. Rf6 Ra1+ 59. Ke2 c2 60. Rxc6 c1=Q {White did not feel at home in the position after the opening.  Weighted Error Value: White=0.76/Black=0.04 (flawless)} 0-1

[Event "Marienbad IM-II 2022"]
[Site "Marianske Lazne"]
[Date "2022.01.22"]
[Round "9.18"]
[White "Vojta, Jakub"]
[Black "Bomans, Arno"]
[Result "0-1"]
[WhiteElo "2289"]
[BlackElo "2246"]
[Annotator "TA"]
[PlyCount "62"]
[EventDate "2022.01.15"]
[EventType "tourn"]
[EventCountry "CZE"]
[SourceTitle "playchess.com"]
[Source "ChessBase"]
[SourceQuality "1"]

{[%evp 11,62,2,13,18,19,27,11,15,24,13,11,0,0,0,0,0,17,0,0,11,0,-270,-278,-275,-267,-278,-178,-175,-160,-160,-160,-146,-65,-99,-96,-195,-196,-214,-216,-210,-172,-492,-482,-443,-459,-649,-637,-761,-754,-729,-718,-688,-701]} 1. e4 c5 2. Nf3 d6 {[%cal Bd7d6,Bd6d5,Bd5d4][%mdl 32]} 3. d4 cxd4 4. Nxd4 Nf6 5. f3 e5 6. Nb3 d5 $1 {[%mdl 4] is now more promising than 6...Be6.} 7. Bg5 {[%cal Bc1g5,Bg5h4,Bh4g3,Bg3e5][%mdl 32] B55: Sicilian: 2...d6 3 d4 cxd4 4 Nxd4 Nf6 5 f3.} d4 8. c3 {[%cal Rc3d4]} Nc6 9. Bb5 {The position is equal.} h6 10. Bh4 (10. Bxf6 $5 Qxf6 11. cxd4 $14) 10... Qb6 11. Bxc6+ bxc6 12. cxd4 ({Much weaker is} 12. Bxf6 gxf6 13. cxd4 Ba6 $17) 12... Ba6 $1 {aiming for ...Nh5.} 13. Bg3 $1 Rd8 (13... O-O-O $5 {[%cal Rf8b4]}) 14. Bxe5 {Threatens to win with Qc2.} Nd7 $36 {[%mdl 2048] Black has good play.} 15. Bf4 {Qc2 is the strong threat.} Nc5 $1 {[#]} 16. dxc5 $146 {[%mdl 8192] [#]} ({Predecessor:} 16. Nxc5 Bxc5 17. Qb3 Bxd4 18. Qxb6 Bxb6 19. Nc3 f5 20. Rd1 Bd3 21. h4 O-O 22. e5 {½-½ (46) Varga,Z (2448)-Istona,M (2240) Slovakia 2017}) 16... Rxd1+ $19 17. Kxd1 Bxc5 {White must now prevent ...0-0.} 18. Kc2 O-O 19. Rd1 Be3 20. Bxe3 Qxe3 21. Nc3 Qg5 (21... Rb8 $17 22. Rd2 Bc4) 22. Rd2 $15 {[#]} Rd8 $1 23. Rxd8+ (23. Rad1 $17 {might work better.} Rxd2+ 24. Rxd2) 23... Qxd8 $19 24. Rd1 {Inhibits Qd3+.} Qh4 25. Nd4 Qxh2 {Strongly threatening ...c5.} 26. Nxc6 (26. Rd2) 26... Qxg2+ {Black is clearly winning.} 27. Rd2 Qxf3 28. Nxa7 (28. b4 $142 Qf6 29. Nxa7) 28... Bb7 29. b4 Bxe4+ 30. Kb3 Qe3 31. Re2 Bd5+ {Weighted Error Value: White=0.47/Black=0.10 (very precise)} 0-1

[Event "Marienbad IM-II 2022"]
[Site "Marianske Lazne"]
[Date "2022.01.22"]
[Round "9.20"]
[White "Richter, Nils"]
[Black "Pisk, Petr"]
[Result "1-0"]
[WhiteElo "2270"]
[BlackElo "2328"]
[Annotator "TA"]
[PlyCount "119"]
[EventDate "2022.01.15"]
[EventType "tourn"]
[EventCountry "CZE"]
[SourceTitle "playchess.com"]
[Source "ChessBase"]
[SourceQuality "1"]

{[%evp 15,119,41,83,84,73,80,78,87,79,82,75,62,102,101,95,100,95,85,90,88,85,83,87,80,86,79,74,82,88,61,56,58,64,64,72,64,64,64,107,104,97,102,102,97,107,107,100,99,104,97,117,100,133,61,64,70,75,74,108,108,108,108,108,108,108,108,110,110,29951,29962,29957,29963,29959,29964,29963,29965,29961,8,8,8,29948,29948,29949,29953,29966,29971,29971,29971,29970,29972,29969,29970,29970,29971,29971,29973,29982,29983,29986,29987,29987,29988,29988,29989,29989,29990]} 1. d4 d5 2. c4 e6 3. Nf3 c5 4. cxd5 exd5 5. g3 Nc6 6. Bg2 Nf6 7. O-O cxd4 8. Nxd4 Bc5 {is the new trend.} (8... Be7 $14) 9. Nxc6 $1 $16 {D30: Queen's Gambit Declined: Systems without Nc3.} bxc6 10. Qc2 $1 {Prevents Bf5.} Qb6 11. Nc3 {Black must now prevent Na4. White is better.} Be7 12. e4 {[%cal Re4d5]} Be6 13. Be3 Qb7 (13... d4 $2 14. Na4 Qb5 15. Bxd4 $18) 14. exd5 cxd5 15. Qa4+ Bd7 16. Qb3 {[#]} Qxb3 $146 ({Predecessor:} 16... Bc6 17. Qxb7 Bxb7 18. Rfe1 O-O 19. Bxa7 Bb4 20. Bd4 Ne4 21. a3 Nxc3 22. Bxc3 Bxc3 23. bxc3 {1-0 (40) Vergili,R (2205)-Olgiati,R (2155) Argentina 2000}) 17. axb3 Be6 18. Rxa7 {White is much more active. Black has bad knights.} (18. Bxa7 {looks sharper.} O-O 19. Rfd1 Rad8 20. Bd4 Rb8 21. Ra7) 18... Rxa7 19. Bxa7 O-O 20. Rd1 {[%cal Rg2d5]} Rd8 21. Bd4 h5 22. Bxf6 Bxf6 23. Nxd5 Bxd5 24. Bxd5 {[%mdl 4096] Endgame KRB-KRB} h4 25. b4 Rb8 26. b3 Rxb4 (26... Kf8 $14) 27. Rc1 $1 Rd4 28. Rc8+ Kh7 29. Bxf7 Rd2 30. Bc4 Bd4 31. Rf8 hxg3 32. hxg3 Rb2 33. Kf1 g5 34. f4 ({White should try} 34. Rf5 $16) 34... Rf2+ $14 35. Ke1 {And now Rd8 would win.} Rf3 36. f5 {[%cal Bf4f5,Bf5f6,Bf6f7][%mdl 32]} g4 37. Bd5 $1 Rxg3 38. f6 $1 {aiming for f7.} Re3+ 39. Kf1 {Hoping for f7.} Re5 {[#]} 40. f7 $1 {[%cal Of8h8] White threatens Rh8+! and mate.} Bc5 41. Rc8 Rf5+ $2 {[%mdl 8192]} (41... Be7 $16) 42. Kg2 Rxd5 {[#]} 43. Rxc5 $1 {[%mdl 512] KR-KR} Rd2+ 44. Kg3 Kg7 45. Rf5 Kf8 46. Kxg4 $2 (46. b4 $1 {mates} Rd1 47. Kxg4 Rd4+ 48. Rf4 Rd5 49. Kf3 Re5 50. Kf2 Re6 51. b5) 46... Rg2+ 47. Kh5 {White wants to mate with b4.} Rh2+ $2 {[%mdl 8192] [#]} (47... Rb2 $11) 48. Kg6 $1 {White mates.} Rg2+ {[#]} 49. Kf6 $1 Rg3 50. b4 {[%cal Bb3b4,Bb4b5,Bb5b6,Bb6b7][%mdl 32]} Rb3 51. Rd5 {[%cal Rd5d8]} Rf3+ 52. Ke6 Rf6+ 53. Kd7 Rxf7+ 54. Kc6 Ke8 55. b5 Rf1 56. b6 Rc1+ 57. Rc5 Rb1 58. b7 Kd8 59. Rd5+ Ke7 60. Rb5 {Weighted Error Value: White=0.15 (very precise) /Black=0.38} 1-0